[Event "GRE-ch U14"]
[Site "Greece"]
[Date "2014.07.06"]
[Round "4"]
[White "Argyropoulos, Theodoros"]
[Black "Kirlidis, Elefterios"]
[Result "0-1"]
[WhiteElo "1375"]
[BlackElo "1441"]
[PlyCount "144"]
[EventDate "2014.07.04"]
[EventType "swiss"]
[EventRounds "9"]
[EventCountry "GRE"]
[SourceTitle "EXT 2017"]
[Source "ChessBase"]
[SourceDate "2016.10.25"]
[SourceVersion "1"]
[SourceVersionDate "2016.10.25"]
[SourceQuality "1"]

1. e4 e5 2. Nf3 Nc6 3. d4 exd4 4. Bc4 Nf6 5. e5 d5 6. Bb5 Ne4 7. Nxd4 Bd7 8. Bxc6 bxc6 9. 0-0 Bc5 10. Be3 Bb6 11. f3 Ng5 12. f4 Ne4 13. Nd2 Nxd2 14. Qxd2 c5 15. Nf3 Bf5 16. c3 0-0 17. Qf2 Qe7 18. Nh4 Bd3 19. Rfe1 c4 20. Qg3 Rae8 21. Bd4 Bxd4+ 22. cxd4 f5 23. Nf3 Qf7 24. Re3 h6 25. Nh4 Re6 26. Qe1 Qe7 27. Rg3 Kh7 28. Rh3 Be4 29. Rc1 c5 30. Qf2 Rc8 31. Nf3 Bxf3 32. Rxf3 cxd4 33. Qxd4 Qc5 34. Qxc5 Rxc5 35. Kf2 d4 36. Ke2 g5 37. g3 Rb6 38. b3 g4 39. Rf2 Rbc6 40. Rxc4 Rxc4 41. bxc4 Rxc4 42. Kd3 Ra4 43. e6 Kg7 44. Re2 Kf8 45. e7+ Ke8 46. a3 Rxa3+ 47. Kxd4 Ra5 48. Kc4 h5 49. Kb4 Rd5 50. Re6 Rd2 51. Re5 Rxh2 52. Rxf5 Kxe7 53. Ra5 Rh3 54. Rxa7+ Kf6 55. Ra6+ Kf5 56. Ra5+ Ke4 57. Re5+ Kd3 58. Rg5 Rxg3 59. Rxh5 Rf3 60. f5 g3 61. Kc5 g2 62. Rg5 Rxf5+ 63. Rxf5 g1Q+ 64. Kd6 Qb6+ 65. Ke5 Qb7 66. Ke6 Qc6+ 67. Ke5 Ke3 68. Rf6 Qc7+ 69. Kf5 Qc4 70. Re6+ Kf3 71. Re5 Qf7+ 72. Kg5 Qf4+ 0-1

[Event "GRE-ch U14"]
[Site "Greece"]
[Date "2014.07.05"]
[Round "2"]
[White "Petrakis, Stylianos"]
[Black "Kirlidis, Elefterios"]
[Result "1-0"]
[WhiteElo "1583"]
[BlackElo "1441"]
[PlyCount "103"]
[EventDate "2014.07.04"]
[EventType "swiss"]
[EventRounds "9"]
[EventCountry "GRE"]
[SourceTitle "EXT 2017"]
[Source "ChessBase"]
[SourceDate "2016.10.25"]
[SourceVersion "1"]
[SourceVersionDate "2016.10.25"]
[SourceQuality "1"]

1. e4 e5 2. Nf3 Nc6 3. d4 exd4 4. Nxd4 Nf6 5. Nxc6 bxc6 6. e5 Nd5 7. c4 Nb6 8. b3 Bb4+ 9. Bd2 Bxd2+ 10. Nxd2 0-0 11. Be2 Re8 12. Nf3 d6 13. exd6 cxd6 14. 0-0 Bg4 15. Re1 Qc7 16. h3 Bh5 17. Nd4 Bxe2 18. Rxe2 Qd7 19. Rd2 Rad8 20. Qf3 d5 21. c5 Nc8 22. Qg4 Qxg4 23. hxg4 Ne7 24. Re1 Rc8 25. Rde2 Kf8 26. b4 a6 27. Re3 h6 28. g3 Rc7 29. Ra3 Ra8 30. Ra5 Rb7 31. Rb1 Ke8 32. a4 Rbb8 33. Re1 Kd7 34. Rxe7+ Kxe7 35. Nxc6+ Kd7 36. Nxb8+ Rxb8 37. b5 axb5 38. axb5 d4 39. Kf1 Re8 40. Ra4 Re4 41. f3 Re3 42. Rxd4+ Kc7 43. Rf4 Re7 44. Re4 Rd7 45. Ke2 g5 46. Rc4 Rd5 47. Ke3 Rd1 48. Ke4 Rg1 49. Kd5 Rxg3 50. b6+ Kb7 51. c6+ Kc8 52. c7 1-0

[Event "GRE-ch U14"]
[Site "Greece"]
[Date "2014.07.04"]
[Round "1"]
[White "Kirlidis, Elefterios"]
[Black "Alexakis, Georgios"]
[Result "0-1"]
[WhiteElo "1441"]
[BlackElo "1793"]
[PlyCount "130"]
[EventDate "2014.07.04"]
[EventType "swiss"]
[EventRounds "9"]
[EventCountry "GRE"]
[SourceTitle "EXT 2017"]
[Source "ChessBase"]
[SourceDate "2016.10.25"]
[SourceVersion "1"]
[SourceVersionDate "2016.10.25"]
[SourceQuality "1"]

1. e4 c5 2. Nf3 d6 3. Bd3 Nf6 4. c3 Nc6 5. h3 g6 6. Bc2 Bg7 7. d3 0-0 8. Be3 b6 9. 0-0 Bb7 10. Nbd2 d5 11. e5 Nd7 12. d4 cxd4 13. cxd4 Nb4 14. Bb1 e6 15. a3 Nc6 16. Bd3 Qe7 17. Qe2 f6 18. exf6 Bxf6 19. Nb3 e5 20. dxe5 Ndxe5 21. Nxe5 Qxe5 22. Rab1 Rfe8 23. Rfe1 Qd6 24. Qd2 d4 25. Bc4+ Kh8 26. Bf4 Be5 27. Bxe5+ Nxe5 28. Bb5 Qd5 29. Bf1 Qxb3 30. Qxd4 Rad8 31. Rxe5 Rxd4 32. Rxe8+ Kg7 33. Re7+ Kh6 34. Rxb7 Qc2 35. Re1 Qxb2 36. Rxa7 Rf4 37. Re2 Qd4 38. Rae7 Qa1 39. R7e3 Ra4 40. Re1 Qb2 41. R1e2 Qc1 42. Re1 Qc5 43. Rb1 Rd4 44. Rbe1 Rd2 45. Rf3 Ra2 46. Rb1 Qc2 47. Re1 Qa4 48. Rb1 Qe4 49. Rd1 Qe7 50. Rb1 Rd2 51. Re3 Qc7 52. Rbe1 Qc5 53. Rf3 Qc2 54. Ra1 Qc5 55. Re3 Rb2 56. Rf3 Rd2 57. Re1 Ra2 58. Rb1 Kg7 59. Re3 Qf5 60. Ree1 Qxf2+ 61. Kh1 Rxa3 62. Re2 Qd4 63. Rbe1 Qd5 64. Re5 Rxh3+ 65. Kg1 Qd4+ 0-1

[Event "GRE-ch U14"]
[Site "Patras"]
[Date "2013.07.10"]
[Round "4.4"]
[White "Kirlidis, Elefterios"]
[Black "Fidrilakis, Stavros"]
[Result "0-1"]
[WhiteElo "1432"]
[BlackElo "1519"]
[PlyCount "56"]
[EventDate "2013.07.08"]
[EventType "swiss"]
[EventRounds "9"]
[EventCountry "GRE"]
[SourceTitle "EXT 2024"]
[Source "ChessBase"]
[SourceDate "2023.10.10"]
[SourceVersion "1"]
[SourceVersionDate "2023.10.10"]
[SourceQuality "1"]

1. e4 c5 2. c3 Nf6 3. e5 Nd5 4. d4 cxd4 5. cxd4 e6 6. Nc3 Nxc3 7. bxc3 Qc7 8. Bd2 d6 9. exd6 Bxd6 10. Nf3 0-0 11. Bd3 b6 12. Be4 Bb7 13. Qc2 Bxe4 14. Qxe4 Nd7 15. 0-0 Nf6 16. Qc2 Nd5 17. Rac1 Rac8 18. Qb3 Qc4 19. Rfe1 Rc7 20. Ne5 Bxe5 21. Rxe5 Rfc8 22. Qb1 Qa4 23. Rh5 g6 24. Rh3 Rc4 25. Qb3 Qc6 26. Rf3 Rxd4 27. Be3 Rd3 28. Bd4 Rxd4 0-1

[Event "GRE-ch U14"]
[Site "Patras"]
[Date "2013.07.09"]
[Round "3.2"]
[White "Kirlidis, Elefterios"]
[Black "Dalipis, Nikolaos"]
[Result "0-1"]
[WhiteElo "1432"]
[BlackElo "1631"]
[PlyCount "100"]
[EventDate "2013.07.08"]
[EventType "swiss"]
[EventRounds "9"]
[EventCountry "GRE"]
[SourceTitle "EXT 2024"]
[Source "ChessBase"]
[SourceDate "2023.10.10"]
[SourceVersion "1"]
[SourceVersionDate "2023.10.10"]
[SourceQuality "1"]

1. e4 c5 2. c3 Nf6 3. e5 Nd5 4. d4 cxd4 5. cxd4 b6 6. Nc3 Nxc3 7. bxc3 e6 8. Nf3 Be7 9. g3 Ba6 10. Bxa6 Nxa6 11. 0-0 0-0 12. Be3 Nc7 13. c4 d6 14. exd6 Bxd6 15. Ne5 Bxe5 16. dxe5 Na6 17. a3 Qc7 18. Qa4 Nc5 19. Bxc5 Qxc5 20. Qb5 Rac8 21. Rac1 Qxa3 22. Ra1 Qe7 23. Rfd1 Rc7 24. Rd4 Rfc8 25. Rad1 h6 26. Rd7 Qa3 27. R7d3 Qa2 28. Rd8+ Rxd8 29. Rxd8+ Kh7 30. Rd7 Rc5 31. Qb4 Rxc4 32. Qe7 Qb1+ 33. Kg2 Qe4+ 34. Kh3 Qh1 35. f4 Qf1+ 36. Kg4 Qe2+ 37. Kh3 Qh5+ 38. Qh4 Qxh4+ 39. Kxh4 a5 40. Rxf7 a4 41. Ra7 b5 42. Kh3 Kg6 43. Kg2 Rc3 44. Kf1 a3 45. Ke1 b4 46. Kd2 Rb3 47. Ra6 Kf5 48. Kc1 h5 49. Ra7 g6 50. Ra6 Kg4 0-1

[Event "GRE-ch U14"]
[Site "Patras"]
[Date "2013.07.08"]
[Round "1.1"]
[White "Kirlidis, Elefterios"]
[Black "Zisiadis, Dimitrios"]
[Result "0-1"]
[WhiteElo "1432"]
[BlackElo "1763"]
[PlyCount "90"]
[EventDate "2013.07.08"]
[EventType "swiss"]
[EventRounds "9"]
[EventCountry "GRE"]
[SourceTitle "EXT 2024"]
[Source "ChessBase"]
[SourceDate "2023.10.10"]
[SourceVersion "1"]
[SourceVersionDate "2023.10.10"]
[SourceQuality "1"]

1. e4 d6 2. d4 g6 3. Nf3 Bg7 4. Be3 Nf6 5. Nbd2 0-0 6. Bd3 Nbd7 7. 0-0 a6 8. c3 c5 9. Rc1 Qc7 10. Qe2 b5 11. Rfe1 Bb7 12. d5 e6 13. dxe6 fxe6 14. b4 c4 15. Bc2 e5 16. Ra1 Bc6 17. a4 Qb7 18. Bg5 h6 19. Bxf6 Nxf6 20. Nh4 Kh7 21. Qf3 Nh5 22. Qe3 Nf4 23. Ndf3 Bf6 24. g3 Bxh4 25. axb5 axb5 26. Rxa8 Qxa8 27. gxh4 Qc8 28. Nd2 Nh3+ 29. Kh1 Nxf2+ 30. Kg1 Nh3+ 31. Kh1 Qg4 32. Qg3 Qxg3 33. hxg3 Rf2 34. Rd1 Bd7 35. Rf1 Rxd2 36. Rf7+ Kg8 37. Rxd7 Rxc2 38. Rxd6 Nf2+ 39. Kg1 Nxe4 40. Rxg6+ Kf7 41. Rxh6 Nxg3 42. Rb6 Ne2+ 43. Kf1 Nxc3 44. Kg1 Rb2 45. h5 Kg7 0-1

[Event "GRE-ch U12"]
[Site "Rio Achaia"]
[Date "2012.06.24"]
[Round "1.5"]
[White "Kirlidis, Elefterios"]
[Black "Alexiadis, Hristos"]
[Result "0-1"]
[WhiteElo "1389"]
[BlackElo "1722"]
[PlyCount "72"]
[EventDate "2012.06.24"]
[EventType "swiss"]
[EventRounds "7"]
[EventCountry "GRE"]
[SourceTitle "EXT 2024"]
[Source "ChessBase"]
[SourceDate "2023.10.10"]
[SourceVersion "1"]
[SourceVersionDate "2023.10.10"]
[SourceQuality "1"]

1. e4 c5 2. c3 Nf6 3. e5 Nd5 4. d4 cxd4 5. cxd4 e6 6. Nf3 d6 7. Bc4 Nc6 8. 0-0 Be7 9. Re1 0-0 10. Nc3 Nxc3 11. bxc3 dxe5 12. dxe5 Qa5 13. Qc2 Rd8 14. Bf4 Bd7 15. Rad1 Qc7 16. Ng5 Bxg5 17. Bxg5 Rdc8 18. Re3 Nxe5 19. Bf4 Qxc4 20. Bxe5 Ba4 21. Qd3 Bxd1 22. Qxd1 Rd8 23. Bd4 e5 24. Rxe5 Qc7 25. Qg4 f6 26. Rh5 Qe7 27. h3 Rac8 28. Rf5 Rc6 29. h4 Re6 30. h5 Qc7 31. g3 Qc6 32. Rf3 Rd5 33. Re3 Rxe3 34. fxe3 Rb5 35. h6 Rb1+ 36. Kf2 Rb2+ 0-1